• 首页
  • 本馆介绍
  • 公告通知
  • 最新文献
  • 馆藏检索
  • 电子资源
  • 读者导购
  • 参考咨询
  • 我的图书馆
  • 登录
  • 详细信息显示
  • 放入我的书架
  • 预约/预借图书
  • 作者相关作品
  • 分类相关作品
  • 丛书相关作品
  • 出版社相关作品

书目信息

  • 表格格式
  • 工作单格式
  • 卡片格式
题名:
信号检测与估计理论
    
 
作者: 甘俊英 , 孙进平 , 余义斌 著
分册:  
出版信息: 北京   科学出版社  2016.3
页数: 363页
开本: 24cm
丛书名:
单 册:
中图分类: TN911.23
科图分类:
主题词: 信号检测 , 参数估计
电子资源:
ISBN: 978-7-03-047791-0
000 00877nam0 2200265 450
001 0400003793
005 20171022142639.0
010    @a978-7-03-047791-0@dCNY88.00
100    @a20160406e2016 em y0chiy0110 ea
101 0  @achi
102    @aCN@b110000
105    @aa z 000yy
106    @ar
200 1  @a信号检测与估计理论@9xin hao jian ce yu gu ji li lun@b专著@f甘俊英,孙进平,余义斌著
210    @a北京@c科学出版社@d2016.3
215    @a363页@c图@d24cm
330    @a本书系统阐述了信号检测与估计理论及其应用,主要内容包括随机信号基础、检测理论基础、信号波形的检测、估计理论基础、信号波形的估计及其应用等。
606 0  @a信号检测
606 0  @a参数估计
690    @aTN911.23@v5
701  0 @a甘俊英@9gan jun ying@4著
701  0 @a孙进平@9sun jin ping@4著
701  0 @a余义斌@9yu yi bin@4著
801  0 @aCN@b91MARC@c20171022
905    @b1023195-9@dTN911.23@f5@e198
    
    信号检测与估计理论/甘俊英,孙进平,余义斌著.-北京:科学出版社,2016.3
    363页:图;24cm
    
    
    ISBN 978-7-03-047791-0:CNY88.00
    本书系统阐述了信号检测与估计理论及其应用,主要内容包括随机信号基础、检测理论基础、信号波形的检测、估计理论基础、信号波形的估计及其应用等。
●
相关链接 在E读中查询图书 在五车中查询图书 在当当中查询图书 在豆瓣中查询图书


正题名:信号检测与估计理论     索取号:TN911.23/198         预约/预借

序号 登录号 条形码 馆藏地/架位号 状态 备注
1 1023195   210231952   第二样本阅览室/ [索取号:TN911.23/198] 在馆    
2 1023196   210231961   密集书库-物理学院/ [索取号:TN911.23/198] 在馆    
3 1023197   210231970   第三借阅区/ [索取号:TN911.23/198] 在馆    
4 1023198   210231989   第三借阅区/ [索取号:TN911.23/198] 在馆    
5 1023199   210231998   第三借阅区/ [索取号:TN911.23/198] 在馆    
唐山师范学院图书馆 欢迎您!
大连网信软件有限公司© 版权所有